00454 2200157 4500001002100000008004100021035002000062245001100082100001600093260004000109300002100149020001800170082001000188650008500198990001300283INLIS000000000000316 ind  a0010-0423000316 aSPRING aYUMI KAGAWA aJAKARTAbELEXMEDIA KOMPUTINDOc1993 a184 hlm.c18 cm. a4-09-132253-0 a741.5 aCARTOONS, CARICATURES, COMICS ( CARTOON FICTION, GRAPHIC NOVEL(VISUAL NOVELS ) ) a102712-1